The Oxford guide to the history of physics and astronomy / (Record no. 8742)

MARC details
000 -LEADER
fixed length control field 01420cam a22003134a 4500
001 - CONTROL NUMBER
control field 13704314
003 - CONTROL NUMBER IDENTIFIER
control field OSt
005 - DATE AND TIME OF LATEST TRANSACTION
control field 20240624122349.0
008 - FIXED-LENGTH DATA ELEMENTS--GENERAL INFORMATION
fixed length control field 040830s2005 enka bd 001 0 eng
010 ## - LIBRARY OF CONGRESS CONTROL NUMBER
LC control number 2004020388
020 ## - INTERNATIONAL STANDARD BOOK NUMBER
International Standard Book Number 9780195171983 (acidfree paper)
020 ## - INTERNATIONAL STANDARD BOOK NUMBER
International Standard Book Number 0195171985 (acidfree paper)
040 ## - CATALOGING SOURCE
Original cataloging agency DLC
Transcribing agency must
Modifying agency DLC
042 ## - AUTHENTICATION CODE
Authentication code pcc
082 00 - DEWEY DECIMAL CLASSIFICATION NUMBER
Classification number 530.03 OXF 2005
Edition number 22
245 04 - TITLE STATEMENT
Title The Oxford guide to the history of physics and astronomy /
Statement of responsibility, etc. edited by J.L. Heilbron.
246 30 - VARYING FORM OF TITLE
Title proper/short title History of physics and astronomy
260 ## - PUBLICATION, DISTRIBUTION, ETC. (IMPRINT)
Place of publication, distribution, etc. Oxford ;
-- New York :
Name of publisher, distributor, etc. Oxford University Press,
Date of publication, distribution, etc. 2005.
300 ## - PHYSICAL DESCRIPTION
Extent xxi, 358 p. :
Other physical details ill. ;
Dimensions 25 cm.
504 ## - BIBLIOGRAPHY, ETC. NOTE
Bibliography, etc Includes bibliographical references and index.
650 #0 - SUBJECT ADDED ENTRY--TOPICAL TERM
Topical term or geographic name as entry element Physics
General subdivision History
Form subdivision Dictionaries.
9 (RLIN) 17675
650 #0 - SUBJECT ADDED ENTRY--TOPICAL TERM
Topical term or geographic name as entry element Astronomy
General subdivision History
Form subdivision Dictionaries.
9 (RLIN) 17676
700 1# - ADDED ENTRY--PERSONAL NAME
Personal name Heilbron, J. L.
9 (RLIN) 17677
856 42 - ELECTRONIC LOCATION AND ACCESS
Materials specified Publisher description
Uniform Resource Identifier <a href="http://www.loc.gov/catdir/enhancements/fy0639/2004020388-d.html">http://www.loc.gov/catdir/enhancements/fy0639/2004020388-d.html</a>
856 42 - ELECTRONIC LOCATION AND ACCESS
Materials specified Contributor biographical information
Uniform Resource Identifier <a href="http://www.loc.gov/catdir/enhancements/fy0725/2004020388-b.html">http://www.loc.gov/catdir/enhancements/fy0725/2004020388-b.html</a>
906 ## - LOCAL DATA ELEMENT F, LDF (RLIN)
a 7
b cbc
c orignew
d 1
e ecip
f 20
g y-gencatlg
942 ## - ADDED ENTRY ELEMENTS (KOHA)
Source of classification or shelving scheme Other/Generic Classification Scheme
Koha item type Open Shelf
Holdings
Withdrawn status Lost status Source of classification or shelving scheme Damaged status Not for loan Home library Current library Date acquired Source of acquisition Inventory number Total Checkouts Full call number Barcode Date last seen Price effective from Koha item type
    Other/Generic Classification Scheme     MUST Main Library MUST Main Library 24/06/2024 donation 09/31278   530.03 OXF 2005 2024-21097 24/06/2024 24/06/2024 Open Shelf